Регионална библиотека "Любен Каравелов" - Русе

България - Австрия (Запис номер 55505)

MARC детайли
000 -Лидер
Контролно поле с фиксирана дължина 02233nam a2200457 c 4500
003 - Код на организацията, давaща контролен номер
Контролно поле BLK
005 - Дата и час на последна редакция
Контролно поле 20220221115701.0
008 - Елементи от данни с фиксирана дължина
fixed length control field 180408b bul|||||r ||||||| ||bul||
010 ## - Наследен системен номер
LC control number KNG00059473000
020 ## - Международен стандартен номер на книга ISBN
Международен стандартен номер на книга ISBN 954-736-114-7
040 ## - Източник на каталожния запис
Идентификатор на билиотеката - собственик на записа BLK
041 ## - Код за език
Код за езика на текст/звукозапис или на отделно заглавие Български
Код за езика КДБФ Български
Други езици Немски
080 ## - УДК
Текстов определител УДК Вътрешна политика. Вж и 329
УДК код - определител по УДК 323
УДК определител (497.2:436)(091)
УДК - код + определител 323(497.2:436)(091)
080 ## - УДК
УДК код - определител по УДК 949.72.05/.06
УДК - код + определител 949.72.05/.06
100 1# - Редна дума - Автор
Автор Агстнер, Рудолф
Авторска отговорност първи автор
R(LIN) 29502
139 ## - Редно поле
Редна дума Агстнер, Рудолф
Авторски знак Агр - А 25
245 10 - Сведения за заглавието
Заглавие България - Австрия
Подзаглавни данни 125 г. дипломатически отношения и 160 г. представителства на Австрия (Австро-Унгария) в България
Редно поле (дума) Рудолф Агстнер; прев. Пенка Емилова Ангелова.
246 11 - Различни форми на заглавието
Паралелно заглавие Osterreich-Bulgarien : 125 Jahre diplomatische Beziehungen und 160 Jahre osterreichsche (osterreichisch-ungarische) Vertretungsbehorden in Bulgarien
257 ## - Страна на издаване
Страна на създаване/издаване Австрия
260 ## - Област на издателските данни
Име на издателя, разпространителя и проч. ПИК
Година на издаване 2004
Печатница В. Търново : Абагар
300 ## - Физическа характеристика
Страници 200 с.
Илюстрации и др. със сн., к., факс., 4 л. цв. ил.
Размери/Мащаб 24 см
380 ## - Жанр
Жанр Обществени науки
500 ## - Общи забележки
Забележка Изс. на Посолството на Република Австрия в София. - Офс. изд. - Парал. текст и на нем. ез.
650 #4 - Допълнително описание по предмет – тема
Основно описание – тема или топоним България и Австрия
9 (RLIN) 286253
650 #4 - Допълнително описание по предмет – тема
Основно описание – тема или топоним България - външна политика - история
9 (RLIN) 250971
650 #4 - Допълнително описание по предмет – тема
Основно описание – тема или топоним Австрия - външна политика
9 (RLIN) 286254
650 #4 - Допълнително описание по предмет – тема
Основно описание – тема или топоним Дипломация - България - история
9 (RLIN) 246750
653 ## - Ключова дума – ненормативна
Ключова дума дипломатически отношения
653 ## - Ключова дума – ненормативна
Ключова дума външна политика
653 ## - Ключова дума – ненормативна
Ключова дума консулства
653 ## - Ключова дума – ненормативна
Ключова дума България
653 ## - Ключова дума – ненормативна
Ключова дума Австрия
653 ## - Ключова дума – ненормативна
Ключова дума Австро-Унгария
653 ## - Ключова дума – ненормативна
Ключова дума история
700 1# - Други автори (авторска отговорност)
Лично име Ангелова, Пенка Емилова
Автороска отговорност (Описва отношението между автора и произведението) прев.
9 (RLIN) 364138
852 ## - Местоположение
Форматна сигнатура Цб 227546
852 ## - Местоположение
Форматна сигнатура К 32/А 25
856 4# - Електронен адрес и достъп
Електронен формат pdf - файл
856 4# - Електронен адрес и достъп
Електронен формат pdf - файл
999 ## - СИСТЕМНИ КОНТРОЛНИ НОМЕРА
Koha biblionumber 55505
Koha biblioitemnumber 55505
942 ## - АРТИКУЛИ
Вид на библиотечния материал Книги
Скрит в OPAC Не
Периодичен библиозапис Да
944 ## - СЪЗДАВАНЕ И РЕДАКЦИЯ на ЗАПИСА
Създаване/Редакция Създаване
Дата на регистрацията/редакция 22.05.2006
Служител, извършил регистрацията/редакцията Геновева_Генчева
944 ## - СЪЗДАВАНЕ И РЕДАКЦИЯ на ЗАПИСА
Създаване/Редакция Редакция
Дата на регистрацията/редакция 21.07.2016
Служител, извършил регистрацията/редакцията Геновева_Генчева
999 ## - СИСТЕМНИ КОНТРОЛНИ НОМЕРА
Koha biblioitemnumber 55505
Наличности
Код за отписване Код за изгубен артикул Източник на класификационната схема Код за повреда Коз за рестрикции Код за отдаване Артикулен № Име на библиотеката - собственик Име на библиотеката, в която се намира в момента Статус (Текущо местоположение) Дата на вписване в системата Местоположение - отдел Цена в лева Инвентарен номер Систематично азбучна сигнатура Баркод Номер на екземпляра Цена в евро Служебна бележка Служебен тип на артикула
  Не е изгубен Universal Decimal Classification Не е повреден без рестрикции ползва се в читалня 87279 Регионална библиотека "Любен Каравелов" Русе Регионална библиотека "Любен Каравелов" Русе Краезнание 2006-05-22 Краезнание 10.00 120000702250 К 32/А 25 Р 120000702250 1 5.11 Дост: DA Вид: А N: 11 Дата: 22.05.2006 Дата инв: 13.11.2017 Бележки инв: К2017 Книги
  Не е изгубен   Не е повреден без рестрикции ползва се в читалня 87280 Регионална библиотека "Любен Каравелов" Русе Регионална библиотека "Любен Каравелов" Русе Хранилище 2006-10-02 Хранилище 0.00 120000705473 Цб 227546 120000705473 2 0.00 Дост: Dp Вид: Д N: 41 Дата: 28.09.2005 Книги
  Не е изгубен   Не е повреден без рестрикции заемане за дома 87281 Регионална библиотека "Любен Каравелов" Русе Регионална библиотека "Любен Каравелов" Русе Заемна - подръчен фонд 2016-06-23 Заемна - подръчен фонд 12.00 120000801421 П 323(497.2)/А 25 120000801421 3 6.14 Дост: DA Вид: А N: 24 Дата: 23.06.2016 Дата инв: 02.02.2018 Бележки инв: П2018 Книги
Vip Innovations Ltd, Rousse, Bulgaria 2025